Normal view MARC view

Entry Personal Name

Number of records used in: 1

001 - CONTROL NUMBER

  • control field: 4978

003 - CONTROL NUMBER IDENTIFIER

  • control field: TZ-ArACH

005 - DATE AND TIME OF LATEST TRANSACTION

  • control field: 20120326121105.0

008 - FIXED-LENGTH DATA ELEMENTS

  • fixed length control field: 120326|||a|||||| | ||| d

040 ## - CATALOGING SOURCE

  • Original cataloging agency: TZ-ArACH
  • Transcribing agency: TZ-ArACH

100 ## - HEADING--PERSONAL NAME

  • Personal name: Mowbray, A. R.
  • Fuller form of name: (Alastair R.)

670 ## - SOURCE DATA FOUND

  • Source citation: Work cat.: (TZ-ArACH)465: Mowbray, A. R. (Alastair R.), Cases and materials on the European Convention on Human Rights /, c2007.

670 ## - SOURCE DATA FOUND

  • Source citation: Work cat.: (TZ-ArACH)465: Mowbray, A. R. (Alastair R.), Cases and materials on the European Convention on Human Rights /, c2007.

African Court on Human and Peoples' Rights | For Inquiries Contact » +255 272 510 510